| 000 | 00850cam a22002535a 4500 | ||
|---|---|---|---|
| 999 |
_c26873 _d26845 |
||
| 005 | 20201128024357.0 | ||
| 008 | 080813t2009 mau frb 001 0 eng d | ||
| 020 | _a9781598638530 | ||
| 020 | _a159863853X | ||
| 040 |
_aDLC _beng _cDLC _dDLC _dEG-ScBUE _dEG-ScBUE |
||
| 082 | 0 | 4 |
_a650.14 _bFRY _222 |
| 100 | 1 | _aFry, Ronald W. | |
| 245 | 1 | 0 |
_a101 great answers to the toughest interview questions / _cRon Fry. |
| 246 | 3 | _aOne-hundred-and-one great answers to the toughest interview questions | |
| 250 | _a6th ed. | ||
| 260 |
_aBoston, MA : _bCourse Technology / Cengage Learning, _cc.2009. |
||
| 300 |
_axvi, 182 p. ; _c24 cm. |
||
| 504 | _aIncludes bibliographical references and index. | ||
| 650 | 7 |
_aEmployment interviewing. _2BUEsh _91331 |
|
| 650 | 7 |
_aJob hunting. _2BUEsh |
|
| 651 | _2BUEsh | ||
| 653 |
_bBUSADM _cOctober2018 |
||
| 942 | _2ddc | ||